| 000 | 01728cam a22003857a 4500 | ||
|---|---|---|---|
| 003 | CHAP | ||
| 005 | 20220329141043.0 | ||
| 008 | 971013m1996 rs 00110 d | ||
| 010 | _a61956 | ||
| 011 | _a62928 | ||
| 035 | _a67104 | ||
| 040 | _cCHAP | ||
| 082 | 0 | 4 |
_a312.0972 _bI57 1995 Tab. |
| 110 | 2 |
_aInstituto Nacional de Estadística, Geografía e Informática. México _959304 |
|
| 245 | 1 | 0 |
_aConteo de población y vivienda 1995 : _bTabasco : resultados definitivos _c/por Instituto Nacional de Estadística, Geografía e Informática |
| 260 |
_aAguascalientes, Ags. : _bInstituto Nacional de Estadística, Geografía e Informática, _c1996-19 . |
||
| 300 | _av. | ||
| 500 | _aLa biblioteca tiene: v.1 Tabulados básicos -- v.2 Perfil sociodemográfico | ||
| 590 |
_aBATCH-UPD _b10 _c20130110 _lUCH01 _h0207 |
||
| 590 |
_aBATCH-UPD _b10 _c20130110 _lUCH01 _h2244 |
||
| 590 |
_aBATCH-UPD _b10 _c20130409 _lUCH01 _h2219 |
||
| 590 |
_aBATCH-UPD _b10 _c20130410 _lUCH01 _h1538 |
||
| 590 |
_aBATCH-UPD _b10 _c20130914 _lUCH01 _h1821 |
||
| 590 |
_aCONVERSION _b10 _c20130109 _lUCH01 _h1333 |
||
| 650 | 1 | 4 |
_aMéxico _xCensos (1995) _976663 |
| 650 | 1 | 4 |
_aPoblación _xEstadísticas _zTabasco. _989399 |
| 650 | 1 | 4 |
_aPoblación _zTabasco. _989439 |
| 650 | 1 | 4 |
_aVivienda _zTabasco. _9120155 |
| 901 | _aBK | ||
| 942 | _cLIBRO | ||
| 949 |
_a312.0972 I57 1995 Tab. _bBC _cINEGI _d33724000626693 _eINEGI _fv.1 _h91438 _i67104 _sb _t33.00 |
||
| 949 |
_a312.0972 I57 1995 Tab. _bBC _cINEGI _d33724000702213 _eINEGI _fv.2 _h93963 _i67104 _sb |
||
| 949 |
_a312.0972 I57 1995 Tab. _bBC _cINEGI _d33724000842308 _eINEGI _fv.2 c.2 _gDonaciØn _h100547 _i67104 _sb |
||
| 949 |
_a312.0972 I57 1995 Tab. _bBC _cINEGI _d33724000842407 _eINEGI _fv.1 c.2 _gDonaciØn _h100535 _i67104 _sb |
||
| 999 |
_c61956 _d61956 |
||